<?xml version="1.0" encoding="UTF-8"?>
<collection xmlns="http://www.loc.gov/MARC21/slim">
<record>
  <controlfield tag="001">288289</controlfield>
  <controlfield tag="005">20240928180542.0</controlfield>
  <datafield tag="035" ind1=" " ind2=" ">
    <subfield code="a">G:(GEPRIS)259929476</subfield>
  </datafield>
  <datafield tag="024" ind1="7" ind2=" ">
    <subfield code="a">G:(GEPRIS)259929476</subfield>
    <subfield code="d">259929476</subfield>
  </datafield>
  <datafield tag="040" ind1=" " ind2=" ">
    <subfield code="a">GEPRIS</subfield>
    <subfield code="c">http://gepris.its.kfa-juelich.de</subfield>
  </datafield>
  <datafield tag="150" ind1=" " ind2=" ">
    <subfield code="a">Erhöhung der spezifischen Wärmekapazität in Nanofluiden</subfield>
    <subfield code="y">2014 - 2018</subfield>
  </datafield>
  <datafield tag="371" ind1=" " ind2=" ">
    <subfield code="a">Professor Dr. Reinhard Hentschke</subfield>
  </datafield>
  <datafield tag="450" ind1=" " ind2=" ">
    <subfield code="a">DFG project G:(GEPRIS)259929476</subfield>
    <subfield code="w">d</subfield>
    <subfield code="y">2014 - 2018</subfield>
  </datafield>
  <datafield tag="510" ind1="1" ind2=" ">
    <subfield code="a">Deutsche Forschungsgemeinschaft</subfield>
    <subfield code="0">I:(DE-588b)2007744-0</subfield>
    <subfield code="b">DFG</subfield>
  </datafield>
  <datafield tag="680" ind1=" " ind2=" ">
    <subfield code="a">In solarthermischen Kraftwerken werden Salzschmelzen als Wärmeträger- und Speichermedien eingesetzt. Die spezifische Wärmekapazität c_P dieser Salzschmelzen kann durch Einarbeitung von Nanopartikeln in geringer Konzentration stark beeinflusst werden. In bestimmter stofflicher Kombination wird eine substanzielle Erhöhung von c_P beobachtet. Dieser technisch interessante und wirtschaftlich wichtige Effekt ist bisher nicht verstanden. Das Projekt will eine theoretische Erklärung des Effekts auf der molekularen Ebene liefern, mittels Molekularer Modellierung und Simulation, und damit zur gezielten Optimierung von Wärmeträger- und Speichermedien beitragen.</subfield>
  </datafield>
  <datafield tag="909" ind1="C" ind2="O">
    <subfield code="o">oai:juser.fz-juelich.de:955032</subfield>
    <subfield code="p">authority:GRANT</subfield>
    <subfield code="p">authority</subfield>
  </datafield>
  <datafield tag="980" ind1=" " ind2=" ">
    <subfield code="a">G</subfield>
  </datafield>
  <datafield tag="980" ind1=" " ind2=" ">
    <subfield code="a">AUTHORITY</subfield>
  </datafield>
  <datafield tag="909" ind1="C" ind2="O">
    <subfield code="o">oai:juser.fz-juelich.de:955032</subfield>
  </datafield>
</record>
</collection>